000 00613nam a2200193 u 4500
005 20230309063530.0
008 110921s2005 r 000 0 eng d
020 _a8466211519
035 _aUPN01000181867
049 _aCG
050 4 _aNC765
_bA5.2
245 0 0 _aAnatomía y dibujo del cuerpo humano :
_bguía práctica para aprender a dibujar el cuerpo humano.
260 _aMadrid :
_bLibsa,
_cc2005.
300 _a224 p. :
_bil. col.
534 _pTítulo original:
_tAnatomy & figure drawing handbook
650 4 _aANATOMIA ARTISTICA
_9564
650 4 _aFigura humana en el arte
_918057
905 _aLibro
999 _c153970
_d153970